Bentuk dan fungsi pengalihan kod di kalangan para pelajar Melayu Menengah Empat di Singapura /
Saved in:
| 主要作者: | |
|---|---|
| 格式: | Thesis 图书 |
| 语言: | Malay |
| 出版: |
2009.
|
| 主题: | |
| 标签: |
添加标签
没有标签, 成为第一个标记此记录!
|
| LEADER | 01204cam a2200289 a 4500 | ||
|---|---|---|---|
| 001 | u833191 | ||
| 003 | SIRSI | ||
| 005 | 201107151555 | ||
| 008 | 110715s2009 my a t 000 0 may m | ||
| 040 | |a UMM | ||
| 043 | |a a-si--- | ||
| 090 | |a PL5065 |b UM 2009 Ghami | ||
| 100 | 0 | |a Ghazali Mohamed Ibrahim. | |
| 245 | 1 | 0 | |a Bentuk dan fungsi pengalihan kod di kalangan para pelajar Melayu Menengah Empat di Singapura / |c Ghazali bin Mohamed Ibrahim. |
| 260 | |c 2009. | ||
| 300 | |a xvi, 203 leaves : |b ill. ; |c 30 cm. | ||
| 502 | |a Dissertation (M.Malay Stud.) -- Akademi Pengajian Melayu, Universiti Malaya, 2010. | ||
| 504 | |a Bibliography: leaves 156-161 | ||
| 650 | 0 | |a Code switching (Linguistics) |z Singapore. | |
| 650 | 0 | |a High school students |z Singapore |x Language. | |
| 650 | 0 | |a Malay language |x Usage |z Singapore. | |
| 650 | 0 | |a English language |x Usage |z Singapore. | |
| 710 | 2 | 0 | |a Universiti Malaya. |b Akademi Pengajian Melayu. |
| 900 | |a ZA | ||
| 596 | |a 1 23 | ||
| 999 | |a PL5065 UM 2009 GHAMI |w LC |c 1 |i A514836843 |d 4/5/2021 |e 4/5/2021 |f 9/1/2012 |g 1 |l STACKS |m P01UTAMA |n 14 |r Y |s Y |t TESIS |u 5/1/2012 | ||
| 999 | |a PL5065 UM 2009 GHAMI |w LC |c 1 |i A515074330 |d 20/4/2012 |f 20/4/2012 |g 1 |l STACKS |m P23MELAYU |r Y |s Y |t TESIS |u 18/4/2012 | ||
